| 000 | 00961nam a2200301Ia 4500 | ||
|---|---|---|---|
| 000 | nam a22 i 4500 | ||
| 001 | UNACH-15000 | ||
| 007 | ta | ||
| 008 | 221212s ||||fr|||| 00| | spa d | ||
| 020 | _a978-3-8365-2500-8 | ||
| 041 | 0 | _aeng | |
| 082 | 0 | 4 |
_a778.9 _bFotografia de temas especificos |
| 100 | 1 |
_aHall, Holly, _eautor |
|
| 245 | 1 | 0 | _aEvery thing is made |
| 264 | 3 | 1 |
_aAlemania : _aHohenzollernring 53 : _bTaschen GmbH, _c2010 |
| 300 |
_a592 páginas : _bimágenes, fotografías |
||
| 336 |
_atexto _btxt _2rdacontent |
||
| 337 |
_ano mediado _bn _2rdamedia |
||
| 338 |
_avolumen _bnc _2rdacarrier |
||
| 504 | _aIncluye contents | ||
| 505 | 0 | _a2010 Judges.-- student's award.-- President's award.-- Art direction.-- Book design.-- Branding.-- Digital advertising.-- Direct.-- Music videos.-- Radio | |
| 650 | 1 | 4 | _aDESIGN |
| 650 | 2 | 4 | _aTV |
| 650 | 2 | 4 | _aTYPOGRAPHY |
| 856 | 4 | 0 | _uhttps://www.tashen.com |
| 942 |
_2ddc _c1 _n0 |
||
| 999 |
_c11340 _d11340 |
||